| 000 | 00384nam a22001337a 4500 | ||
|---|---|---|---|
| 082 |
_a625.8 _bSTA |
||
| 100 |
_aIndian Research council, _944222 |
||
| 245 | _aState of the art: surface dressing/ | ||
| 260 |
_aNew Delhi: _bIRC Highway Research Board, _cc1986 |
||
| 300 |
_av, 112p,; _bill,: _c22cm |
||
| 526 |
_a0 _b0 _c0 _d625_800000000000000_STA |
||
| 650 |
_aMCE _9379 |
||
| 942 |
_2ddc _cBK |
||
| 999 |
_c548048 _d548048 |
||